Interacciones : (Registro nro. 25444)
[ vista simple ]
| 000 -LEADER | |
|---|---|
| fixed length control field | 01653cam a2200385 i 4500 |
| 001 - CONTROL NUMBER | |
| control field | 25444 |
| 003 - CONTROL NUMBER IDENTIFIER | |
| control field | Mx-PuUPA |
| 005 - DATE AND TIME OF LATEST TRANSACTION | |
| control field | 20260219110522.0 |
| 008 - FIXED-LENGTH DATA ELEMENTS--GENERAL INFORMATION | |
| fixed length control field | 140415s1994 sp gr 000 0cspa d |
| 017 ## - COPYRIGHT OR LEGAL DEPOSIT NUMBER | |
| Copyright or legal deposit number | B.7.532-1994 |
| 020 ## - INTERNATIONAL STANDARD BOOK NUMBER | |
| International Standard Book Number | 8472234290 |
| 040 ## - CATALOGING SOURCE | |
| Original cataloging agency | Mx-PuUPA |
| Language of cataloging | spa |
| Transcribing agency | Mx-PuUPA |
| Modifying agency | Mx-PuUPA |
| Description conventions | rda |
| 041 1# - LANGUAGE CODE | |
| Language code of text/sound track or separate title | spa |
| Language code of original | eng |
| 043 ## - GEOGRAPHIC AREA CODE | |
| Geographic area code | n-us--- |
| 100 10 - MAIN ENTRY--PERSONAL NAME | |
| Personal name | Glashow, Sheldon L., |
| Dates associated with a name | 1932- |
| Relator term | autor |
| 9 (RLIN) | 17852 |
| 240 10 - UNIFORM TITLE | |
| Uniform title | Interactions. A Journey through the mind of a particle physicist and the matter of this world. |
| Language of a work | Español |
| 245 10 - TITLE STATEMENT | |
| Title | Interacciones : |
| Remainder of title | una visión del mundo desde el <<encanto>> de los átomos / |
| Statement of responsibility, etc. | Sheldon L. Glashow ; con la colaboración de Ben Bova ; traducción, Antonio-Prometeo Moya |
| 250 ## - EDITION STATEMENT | |
| Edition statement | 1a. edición / |
| Remainder of edition statement | mayo |
| 264 #1 - PRODUCTION, PUBLICATION, DISTRIBUTION, MANUFACTURE, AND COPYRIGHT NOTICE | |
| Place of production, publication, distribution, manufacture | Barcelona, España : |
| Name of producer, publisher, distributor, manufacturer | Tusquets Editores, |
| Date of production, publication, distribution, manufacture, or copyright notice | 1994 |
| 300 ## - PHYSICAL DESCRIPTION | |
| Extent | 397 páginas : |
| Other physical details | diagramas ; |
| Dimensions | 20 cm |
| 336 ## - CONTENT TYPE | |
| Fuente | rdacontent |
| Content type term | texto |
| Content type code | txt |
| 337 ## - MEDIA TYPE | |
| Source | rdamedia |
| Media type term | sin medio |
| Media type code | n |
| 338 ## - CARRIER TYPE | |
| Source | rdacarrier |
| Carrier type term | volumen |
| Carrier type code | nc |
| 490 0# - SERIES STATEMENT | |
| Series statement | Colección Matatemas Libros para pensar la ciencia ; |
| Volume/sequential designation | 34 |
| 600 10 - SUBJECT ADDED ENTRY--PERSONAL NAME | |
| Personal name | Glashow, Sheldon L., |
| Dates associated with a name | 1932- |
| 9 (RLIN) | 17852 |
| 650 #7 - SUBJECT ADDED ENTRY--TOPICAL TERM | |
| 9 (RLIN) | 13986 |
| Source of heading or term | armarc |
| Topical term or geographic name entry element | Física nuclear |
| General subdivision | Obras de divulgación |
| 650 #7 - SUBJECT ADDED ENTRY--TOPICAL TERM | |
| Source of heading or term | armarc |
| Topical term or geographic name entry element | Físicos |
| Geographic subdivision | Estados Unidos |
| Form subdivision | Biografía |
| 650 #7 - SUBJECT ADDED ENTRY--TOPICAL TERM | |
| Source of heading or term | armarc |
| Topical term or geographic name entry element | Materia nuclear |
| Form subdivision | Obra de divulgación científica |
| 700 1# - ADDED ENTRY--PERSONAL NAME | |
| Personal name | Bova, Ben de, |
| Relator term | colaborador |
| 700 1# - ADDED ENTRY--PERSONAL NAME | |
| Personal name | Prometeo Moya, Antonio, |
| Relator term | traductor |
| 765 0# - ORIGINAL LANGUAGE ENTRY | |
| Main entry heading | Glashow, Sheldon L., 1932- |
| Title | Interactions. A Journey through the mind of a particle physicist and the matter of this world. |
| 942 ## - ADDED ENTRY ELEMENTS (KOHA) | |
| Source of classification or shelving scheme | Dewey Decimal Classification |
| Koha item type | Libro |
| Classification part | 539.7 |
| Item part | G5418 |
| Withdrawn status | Lost status | Source of classification or shelving scheme | Damaged status | Not for loan | Collection code | Home library | Current library | Shelving location | Date acquired | Source of acquisition | Total Checkouts | Full call number | Barcode | Price effective from | Koha item type |
|---|---|---|---|---|---|---|---|---|---|---|---|---|---|---|---|
| Dewey Decimal Classification | En catalogación | General | Centro de Estudios en Ciencia y Religión | Centro de Estudios en Ciencia y Religión | Sala general | 03/12/2013 | Compra | 539.7 G5418 1994 | 47374 | 03/12/2013 | Libro |